| 000 | 00787nam a22001577a 4500 | ||
|---|---|---|---|
| 003 | OSt | ||
| 005 | 20160630095211.0 | ||
| 008 | 160630b xxu||||| |||| 00| 0 eng d | ||
| 040 | _cRUA | ||
| 082 | _aVEM SAN 2015 B484 Or.1 | ||
| 100 |
_98553 _aSAN KOSAL; សាន កុសល |
||
| 245 | _aEffectiveness of antibiotics on poglet's diarrhea during wearning in folden pig farm at kampong chhnang province, ប្រសិទ្ធភាពអង់ទីប៊ីយ៉ូទិកទៅលើជំងឺរាកកូនជ្រូកអំឡុងពេលផ្ដាច់ដោះនៅក្នុងកសិដ្ឋាន ជ្រូក មាស ខេត្តកំពង់ធំ | ||
| 260 |
_aPhnom Penh _bRUA _c2015 |
||
| 300 |
_ax,38p. _bill. _c29cm. |
||
| 942 |
_2ddc _cVEM |
||
| 999 |
_c8198 _d8198 |
||